[Event "Ceske Budejovice op"]
[Site "Ceske Budejovice"]
[Date "2024.07.05"]
[Round "7"]
[White "Shi, Roger V"]
[Black "Muhamova, Arzygul"]
[Result "0-1"]
[WhiteElo "1975"]
[BlackElo "1585"]
[PlyCount "102"]
[EventDate "2024.06.29"]
[EventType "swiss"]
[EventRounds "9"]
[EventCountry "CZE"]
[SourceTitle "CB28_2024"]
[SourceDate "2024.07.10"]
[SourceVersion "1"]
[SourceVersionDate "2024.07.10"]
[SourceQuality "1"]

1. e4 e6 2. d4 d5 3. e5 b6 4. c3 Qd7 5. Bd3 Ba6 6. Bc2 Ne7 7. Ne2 Ng6 8. 0-0 c5 9. f4 Nc6 10. f5 Nh4 11. fxe6 fxe6 12. Rf4 Be7 13. a3 0-0-0 14. b4 g5 15. Rf2 Rhf8 16. Be3 Nf5 17. Bxf5 exf5 18. Qa4 Bd3 19. bxc5 bxc5 20. Nc1 Bc4 21. Nb3 f4 22. Bc1 Nxe5 23. Qxd7+ Nxd7 24. N1d2 Bd3 25. Bb2 c4 26. Re1 Rde8 27. Nc1 Bg6 28. Nf3 g4 29. Rfe2 gxf3 30. Rxe7 fxg2 31. Rxe8+ Bxe8 32. Kxg2 Bg6 33. Kf2 Be4 34. Rg1 Nf6 35. Ne2 f3 36. Nf4 h5 37. h3 Ng4+ 38. hxg4 Rxf4 39. Bc1 Rxg4 40. Rxg4 hxg4 41. Bf4 Kb7 42. Bd6 Kc6 43. Bc5 a6 44. Kg3 Kb5 45. Kf2 Ka4 46. Kg3 Kb3 47. Bb4 Kc2 48. Kf2 Kd2 49. Bd6 Kxc3 50. Ke3 Kb2 51. Bb4 c3 0-1

[Event "Ceske Budejovice op"]
[Site "Ceske Budejovice"]
[Date "2024.07.04"]
[Round "6"]
[White "Muhamova, Arzygul"]
[Black "Policar, Martin"]
[Result "1/2-1/2"]
[WhiteElo "1585"]
[BlackElo "1925"]
[PlyCount "163"]
[EventDate "2024.06.29"]
[EventType "swiss"]
[EventRounds "9"]
[EventCountry "CZE"]
[SourceTitle "CB28_2024"]
[SourceDate "2024.07.10"]
[SourceVersion "1"]
[SourceVersionDate "2024.07.10"]
[SourceQuality "1"]

1. d4 Nf6 2. c4 g6 3. Nc3 d5 4. cxd5 Nxd5 5. Bd2 Bg7 6. e3 0-0 7. Bc4 Nb6 8. Bb3 Nc6 9. Nge2 e5 10. dxe5 Nxe5 11. 0-0 Qh4 12. Nd4 g5 13. f4 Nec4 14. Be1 Qg4 15. Qc1 Re8 16. Bf2 Bxd4 17. exd4 gxf4 18. Bxc4 f3 19. Bxf7+ Kxf7 20. Bg3 Qxd4+ 21. Kh1 Kg6 22. Rxf3 Bg4 23. Qc2+ Kg7 24. Rf4 Qd7 25. Raf1 Bh5 26. Ne4 Nd5 27. Qd3 Rad8 28. Qd4+ Kg8 29. Rf5 Bg6 30. Qxd5+ Qxd5 31. Nf6+ Kg7 32. Nxe8+ Bxe8 33. Rxd5 Rxd5 34. Bxc7 Bc6 35. Bf4 Kg6 36. Kg1 Rd4 37. Be5 Rd2 38. Rf6+ Kh5 39. g3 Rg2+ 40. Kf1 Rc2 41. Rf2 Rc5 42. Rf5+ Kg4 43. Rf4+ Kg5 44. Bc3 Rd5 45. Ke2 a6 46. Ke3 Rd1 47. Rf7 h6 48. Rg7+ Kh5 49. Bf6 Bd7 50. h3 Bxh3 51. Rxb7 Kg4 52. Bh4 Rd6 53. Rb4+ Kf5 54. Rf4+ Kg6 55. Ra4 h5 56. Rd4 Rb6 57. b4 Be6 58. a3 Rc6 59. Kf4 Bb3 60. Be7 Ba4 61. Rd6+ Rxd6 62. Bxd6 Kf6 63. Be5+ Ke6 64. Bb2 Kd5 65. Bc1 Kc4 66. Ke4 Bd1 67. Ke5 Kb5 68. Kd4 a5 69. Bd2 axb4 70. axb4 Bg4 71. Kd5 Bf3+ 72. Ke5 Bg4 73. Kf4 Bd1 74. Kg5 Bg4 75. Be1 Bd1 76. Kh4 Bg4 77. Bd2 Bd1 78. Kh3 Bg4+ 79. Kh4 Bd1 80. Kh3 Bg4+ 81. Kh4 Bd1 82. Kh3 1/2-1/2

[Event "Ceske Budejovice op"]
[Site "Ceske Budejovice"]
[Date "2024.06.30"]
[Round "2"]
[White "Muhamova, Arzygul"]
[Black "Shibata, Misaki"]
[Result "1-0"]
[WhiteElo "1585"]
[BlackElo "1858"]
[PlyCount "99"]
[EventDate "2024.06.29"]
[EventType "swiss"]
[EventRounds "9"]
[EventCountry "CZE"]
[SourceTitle "CB28_2024"]
[SourceDate "2024.07.10"]
[SourceVersion "1"]
[SourceVersionDate "2024.07.10"]
[SourceQuality "1"]

1. d4 d5 2. c4 e6 3. cxd5 exd5 4. Nc3 Nf6 5. Bg5 Be7 6. e3 c6 7. Bd3 0-0 8. Qc2 h6 9. Bh4 Nbd7 10. Nge2 b6 11. 0-0 Bb7 12. Rab1 c5 13. b3 Ne4 14. Bxe4 dxe4 15. Bg3 cxd4 16. exd4 Rc8 17. Rbd1 Bf6 18. Qb1 Qe7 19. Rfe1 a6 20. b4 Rfd8 21. Qb3 g5 22. d5 e3 23. fxe3 Qxe3+ 24. Bf2 Qe5 25. Nd4 Qc7 26. Ne4 Bg7 27. Nf5 Bf8 28. d6 Qc4 29. Ne7+ Kh7 30. Qb1 Qc2 31. Nxc8 Rxc8 32. Qxc2 Rxc2 33. Nf6+ Nxf6 34. d7 Nxd7 35. Rxd7 Bc6 36. Rxf7+ Kg8 37. Rf6 Bd5 38. Rxb6 Rxa2 39. Rd1 Be4 40. Rb8 Kf7 41. Rd7+ Ke6 42. Rd1 Bc2 43. Re1+ Kf7 44. Bd4 Bd3 45. Re3 Be2 46. Rb7+ Kg6 47. Re8 Rd2 48. Be5 Bb5 49. Rxb5 axb5 50. Rxf8 1-0